Naruto Characters by Picture (Easy) - Statistics

General Stats
  • This quiz has been taken 2,470 times
  • The average score is 42 of 56
Answer Stats
Picture Answer % Correct
Naruto
100%
Sasuke
99%
Kakashi
98%
Sakura
98%
Lee
97%
Hinata
93%
Gaara
92%
Neji
92%
Itachi
91%
Minato
89%
Shikamaru
89%
Tenten
89%
A
88%
Ino
88%
Tsunade
88%
Guy
87%
Jiraiya
86%
Orochimaru
86%
Sai
86%
Madara
85%
Choji
84%
Nagato
84%
Obito
84%
Kiba
79%
Yahiko
78%
Asuma
76%
Deidara
75%
Kurama
75%
Yamato
75%
Kabuto
74%
Hashirama
73%
Killer B
73%
Shino
73%
Temari
73%
Tobirama
73%
Akamaru
70%
Kisame
70%
Iruka
69%
Kushina
68%
Sasori
68%
Hidan
67%
Zabuza
67%
Hiruzen
65%
Danzo
64%
Konan
64%
Kurenai
62%
Konohamaru
60%
Karin
59%
Kankuro
58%
Haku
56%
Kakuzu
55%
Suigetsu
44%
Jugo
43%
Mei Terumi
43%
Kimimaro
41%
Onoki
34%
No matching quizzes found
Score Distribution
Percent of People with Each Score
Percentile by Number Answered
Your Score History
You have not taken this quiz